Normal view
MARC view
Entry Personal Name
001 - CONTROL NUMBER
- control field: 41575
003 - CONTROL NUMBER IDENTIFIER
- control field: ARRUPE
005 - DATE AND TIME OF LATEST TRANSACTION
- control field: 20180419161429.0
008 - FIXED-LENGTH DATA ELEMENTS
- fixed length control field: 180419|| aca||aabn | a|a d
040 ## - CATALOGING SOURCE
- Original cataloging agency: ARRUPE
- Transcribing agency: ARRUPE
100 ## - HEADING--PERSONAL NAME
- Personal name: Semaine D'etudes Ethno-Pastorales
670 ## - SOURCE DATA FOUND
- Source citation: Work cat.: (ARRUPE)127915: Semaine D'etudes Ethno-Pastorales, L'organisation sociale et politique chez les Yansi, Teke et Boma :, c1970.